00951nam a22002777a 450000500170000001000130001702000110003003500130004103700170005404000120007108200160008310000320009924501140013125000160024526000430026127000470030430000250035149000230037650000230039965000290042265000210045170000300047294200250050299900190052795201270054620170124110220.0 aB-083123 c275.00 aB-083123 bCen Lib/ Ret aDPLbEN a336.24bSIN aSinghania, Vinod K. 912242 aStudents' guide to income tax :cby Vinod K. Singhania [and] Monica Singhania bincluding central sales tax / a31 rev. ed  aNew Delhi bTaxman Publications c1982 bNew Delhi a59/32, new rohtak roade110005 axv, 1077p.c23cm(Hb) a490-Taxman series  aIncludes appendix  aLaw xIncome tax 939595 aSales tax911880 aSinghania, Monica 916902 2ddccENh336.24mSIN c134035d134035 00104070aLbLd2015-07-28eCen Lib/Retg275.00l0o336.24 SINpB-083123r2015-07-28 00:00:00t1v275.00w2015-07-28yEN